[Event "GER-ch Youth U12 2019"]
[Site "Willingen"]
[Date "2019.06.12"]
[Round "6.15"]
[White "Moeller, Maurin"]
[Black "Malchereck, Zion"]
[Result "0-1"]
[WhiteElo "1686"]
[BlackElo "1438"]
[Annotator "NA"]
[PlyCount "121"]
[EventDate "2019.06.07"]
[EventType "swiss"]
[EventRounds "9"]
[EventCountry "GER"]
[SourceTitle "playchess.com"]
[Source "ChessBase"]
[SourceQuality "1"]
[TimeControl "40/4500+30:900+30"]

1. e4 e5 2. Nf3 Nc6 3. Bc4 Bc5 4. c3 Nf6 5. d3 d6 6. Bb3 h6 7. h3 O-O 8. O-O a6 9. Re1 Re8 10. Nbd2 Ne7 11. d4 exd4 12. cxd4 Ba7 13. Nf1 Ng6 14. Ng3 b5 15. Qc2 Bb7 16. a3 {[%emt 0:08:02]} Rc8 {[%emt 0:00:00]} 17. Bd2 {[%emt 0:13:43]} c5 {[%emt 0:02:21]} 18. d5 {[%emt 0:01:24]} c4 {[%emt 0:03:55]} 19. Ba2 {[%emt 0:02:59]} Bc5 {[%emt 0:02:00]} 20. Bb1 {[%emt 0:21:48]} Nd7 {[%emt 0:12:02]} 21. Qc3 f6 {[%emt 0:07:22]} 22. Nf5 {[%emt 0:08:31]} Nde5 {[%emt 0:02:00]} 23. Nxe5 {[%emt 0:03:02]} fxe5 {[%emt 0:02:48]} 24. Qg3 {[%emt 0:00:40]} Qf6 {[%emt 0:01:35]} 25. h4 {[%emt 0:03:55]} Kf7 {[%emt 0:04:30]} 26. Bc2 {[%emt 0:04:55]} Ra8 {[%emt 0:03:48]} 27. Bd1 {[%emt 0:00:29]} Bxd5 {[%emt 0:02:45]} 28. Nxh6+ {[%emt 0:00:41]} gxh6 {[%emt 0:00:38]} 29. exd5 {[%emt 0:00:11]} Nxh4 {[%emt 0:03:47]} 30. Bh5+ {[%emt 0:00:37]} Ke7 {[%emt 0:00:42]} 31. Bxe8 {[%emt 0:00:17]} Rxe8 {[%emt 0:00:06]} 32. Be3 {[%emt 0:01:33]} Bxe3 {[%emt 0:01:10]} 33. fxe3 {[%emt 0:00:42]} Nf5 {[%emt 0:00:31]} 34. Qh3 {[%emt 0:00:36]} Qg5 {[%emt 0:01:24]} 35. Re2 {[%emt 0:00:56]} Kd8 {[%emt 0:03:07]} 36. Kh2 {[%emt 0:03:21]} Rg8 {[%emt 0:01:35]} 37. Rf1 {[%emt 0:00:24]} Qg3+ 38. Qxg3 {[%emt 0:01:31]} Nxg3 {[%emt 0:00:38]} 39. Ref2 {[%emt 0:00:27]} Nxf1+ {[%emt 0:00:42]} 40. Rxf1 {[%emt 0:00:09]} Ke7 {[%emt 0:00:13]} 41. Rf2 {[%emt 0:15:44]} Rc8 {[%emt 0:16:11]} 42. Rc2 {[%emt 0:01:49]} Kf6 {[%emt 0:00:53]} 43. e4 {[%emt 0:00:17]} Kg5 {[%emt 0:01:00]} 44. Kg3 {[%emt 0:00:13]} Rf8 {[%emt 0:01:08]} 45. Rc1 {[%emt 0:00:48]} h5 {[%emt 0:00:13]} 46. Rh1 {[%emt 0:00:23]} Rf4 {[%emt 0:00:29]} 47. Re1 {[%emt 0:00:24]} h4+ {[%emt 0:00:15]} 48. Kh3 {[%emt 0:00:59]} Rg4 {[%emt 0:00:09]} 49. Re2 {[%emt 0:01:46]} Rg3+ {[%emt 0:00:44]} 50. Kh2 {[%emt 0:00:10]} Kf4 {[%emt 0:00:47]} 51. Kh1 {[%emt 0:00:12]} Re3 {[%emt 0:02:37]} 52. Rxe3 {[%emt 0:00:06]} Kxe3 {[%emt 0:00:42]} 53. Kh2 {[%emt 0:00:09]} Kf4 {[%emt 0:02:00]} 54. Kh3 {[%emt 0:00:05]} Kg5 {[%emt 0:00:21]} 55. g3 {[%emt 0:00:09]} hxg3 {[%emt 0:00:27]} 56. Kxg3 {[%emt 0:00:05]} a5 {[%emt 0:00:05]} 57. Kf3 {[%emt 0:00:03]} Kh4 {[%emt 0:00:32]} 58. Ke3 {[%emt 0:00:08]} Kg3 {[%emt 0:00:23]} 59. Kd2 {[%emt 0:00:25]} Kf3 {[%emt 0:00:18]} 60. Kc3 {[%emt 0:00:09]} Kxe4 {[%emt 0:00:21]} 61. a4 {[%emt 0:00:19] normal} 0-1

[Event "GER-ch Youth U12 2019"]
[Site "Willingen"]
[Date "2019.06.13"]
[Round "7.1"]
[White "Foerster-Yialamas, Lucas"]
[Black "Metzdorf, Matteo"]
[Result "1-0"]
[WhiteElo "1981"]
[BlackElo "1859"]
[Annotator "NA"]
[PlyCount "50"]
[EventDate "2019.06.07"]
[EventType "swiss"]
[EventRounds "9"]
[EventCountry "GER"]
[SourceTitle "playchess.com"]
[Source "ChessBase"]
[SourceQuality "1"]
[TimeControl "40/4500+30:900+30"]

1. e4 {[%emt 0:00:00]} c5 {[%emt 0:00:00]} 2. Nf3 {[%emt 0:00:00]} e6 {[%emt 0:00:00]} 3. d4 {[%emt 0:00:00]} cxd4 {[%emt 0:00:00]} 4. Nxd4 {[%emt 0:00:00]} a6 {[%emt 0:00:00]} 5. Bd3 {[%emt 0:00:00]} Qc7 {[%emt 0:00:00]} 6. c4 {[%emt 0:00:00]} Nc6 {[%emt 0:00:00]} 7. Nxc6 {[%emt 0:00:00]} dxc6 {[%emt 0:00:00]} 8. Nc3 {[%emt 0:00:00]} Nf6 {[%emt 0:00:00]} 9. O-O {[%emt 0:00:00]} e5 {[%emt 0:00:00]} 10. h3 {[%emt 0:00:00]} Be6 {[%emt 0:05:27]} 11. Be3 {[%emt 0:00:00]} Nd7 {[%emt 0:05:00]} 12. Qc2 {[%emt 0:00:00]} f6 {[%emt 0:01:28]} 13. Be2 {[%emt 0:00:00]} a5 {[%emt 0:19:32]} 14. Na4 {[%emt 0:00:59]} Be7 {[%emt 0:16:00]} 15. c5 {[%emt 0:02:02]} O-O {[%emt 0:03:53]} 16. Bc4 {[%emt 0:01:07]} Bf7 {[%emt 0:06:34]} 17. Rfd1 {[%emt 0:03:25]} Rad8 {[%emt 0:01:44]} 18. Qc3 {[%emt 0:07:52]} h5 {[%emt 0:18:33]} 19. Bxf7+ {[%emt 0:03:14]} Rxf7 {[%emt 0:00:14]} 20. Nb6 {[%emt 0:01:43]} Nxb6 {[%emt 0:03:49]} 21. cxb6 {[%emt 0:00:11]} Qb8 {[%emt 0:00:49]} 22. Qxa5 {[%emt 0:02:21]} f5 {[%emt 0:00:46]} 23. Rxd8+ {[%emt 0:00:26]} Bxd8 {[%emt 0:00:50]} 24. exf5 {[%emt 0:01:23]} Rxf5 {[%emt 0:00:31]} 25. Rd1 {[%emt 0:00:52]} Qc8 {[%emt 0:00:46] normal} 1-0

[Event "GER-ch Youth U12 2019"]
[Site "Willingen"]
[Date "2019.06.13"]
[Round "7.2"]
[White "Reichmann, Felix"]
[Black "Kluehs, Gustaf"]
[Result "1/2-1/2"]
[WhiteElo "1725"]
[BlackElo "1705"]
[Annotator "NA"]
[PlyCount "35"]
[EventDate "2019.06.07"]
[EventType "swiss"]
[EventRounds "9"]
[EventCountry "GER"]
[SourceTitle "playchess.com"]
[Source "ChessBase"]
[SourceQuality "1"]
[TimeControl "40/4500+30:900+30"]

1. c4 {[%emt 0:00:00]} c5 {[%emt 0:00:00]} 2. g3 {[%emt 0:00:00]} g6 {[%emt 0:00:00]} 3. Bg2 {[%emt 0:00:00]} Bg7 {[%emt 0:00:00]} 4. Nc3 {[%emt 0:00:00]} Nc6 {[%emt 0:00:00]} 5. a3 {[%emt 0:00:00]} d6 {[%emt 0:00:00]} 6. Rb1 {[%emt 0:00:00]} Be6 {[%emt 0:00:00]} 7. d3 {[%emt 0:00:00]} Qd7 {[%emt 0:00:00]} 8. Nf3 {[%emt 0:00:00]} h6 {[%emt 0:00:00]} 9. O-O {[%emt 0:00:00]} Nf6 {[%emt 0:00:00]} 10. Bd2 {[%emt 0:00:00]} O-O {[%emt 0:00:00]} 11. b4 {[%emt 0:00:00]} Rac8 {[%emt 0:12:19]} 12. b5 Nd4 {[%emt 0:02:46]} 13. e3 {[%emt 0:00:00]} Nxf3+ {[%emt 0:00:27]} 14. Qxf3 {[%emt 0:00:32]} b6 {[%emt 0:00:15]} 15. e4 {[%emt 0:03:09]} Ng4 {[%emt 0:04:31]} 16. Qe2 {[%emt 0:02:09]} Ne5 {[%emt 0:01:16] normal} 17. Nd5 {[%emt 0:14:33] normal} Bxd5 {[%emt 0:03:22]} 18. exd5 {[%emt 0:00:28] normal} 1/2-1/2

[Event "GER-ch Youth U12 2019"]
[Site "Willingen"]
[Date "2019.06.13"]
[Round "7.3"]
[White "Freude, Max"]
[Black "Bakiev, Diyor"]
[Result "0-1"]
[WhiteElo "1707"]
[BlackElo "2123"]
[Annotator "NA RC"]
[PlyCount "126"]
[EventDate "2019.06.07"]
[EventType "swiss"]
[EventRounds "9"]
[EventCountry "GER"]
[SourceTitle "playchess.com"]
[Source "ChessBase"]
[SourceQuality "1"]
[TimeControl "40/4500+30:900+30"]

1. b3 {[%emt 0:00:00]} e5 {[%emt 0:00:00]} 2. Bb2 {[%emt 0:00:00]} Nc6 {[%emt 0:00:00]} 3. e3 {[%emt 0:00:00]} Nf6 {[%emt 0:00:00]} 4. d4 {[%emt 0:00:00]} exd4 {[%emt 0:00:00]} 5. exd4 {[%emt 0:00:00]} d5 {[%emt 0:00:00]} 6. Nf3 {[%emt 0:00:00]} Bd6 {[%emt 0:00:00]} 7. Be2 {[%emt 0:00:00]} O-O {[%emt 0:00:00]} 8. O-O {[%emt 0:00:00]} Ne7 {[%emt 0:00:00]} 9. Ne5 {[%emt 0:00:00]} Nd7 {[%emt 0:05:46]} 10. Bd3 {[%emt 0:04:21]} Ng6 {[%emt 0:03:44]} 11. f4 {[%emt 0:07:42]} f5 {[%emt 0:10:56]} 12. Qh5 {[%emt 0:05:44]} Nf6 {[%emt 0:03:30]} 13. Qg5 {[%emt 0:04:22]} Ne4 {[%emt 0:05:42]} 14. Qxd8 {[%emt 0:10:48]} Rxd8 {[%emt 0:01:09]} 15. Nc3 {[%emt 0:07:47]} c6 {[%emt 0:06:06]} 16. g3 {[%emt 0:04:36]} Nf8 {[%emt 0:03:13]} 17. Kg2 {[%emt 0:04:54]} Ne6 {[%emt 0:02:08]} 18. Ne2 {[%emt 0:01:46]} a5 {[%emt 0:06:19]} 19. a4 {[%emt 0:02:10]} Nc7 {[%emt 0:02:14]} 20. Ng1 {[%emt 0:06:41]} Na6 {[%emt 0:01:12]} 21. Ngf3 {[%emt 0:03:12]} h6 {[%emt 0:05:01]} 22. c3 {[%emt 0:02:46]} Be6 {[%emt 0:01:44]} 23. Rfd1 {[%emt 0:02:01]} Nc7 {[%emt 0:02:13]} 24. c4 {[%emt 0:01:44]} Ne8 {[%emt 0:03:50]} 25. c5 {[%emt 0:01:44]} Bc7 {[%emt 0:00:13]} 26. Rac1 {[%emt 0:00:38]} N8f6 {[%emt 0:00:53]} 27. Rc2 {[%emt 0:02:48]} Kh7 {[%emt 0:01:56]} 28. Bc3 {[%emt 0:04:19]} g5 {[%emt 0:03:48]} 29. fxg5 {[%emt 0:01:27]} hxg5 {[%emt 0:00:06]} 30. Re1 {[%emt 0:02:53]} g4 {[%emt 0:04:01]} 31. Bxe4 {[%emt 0:00:45]} Nxe4 {[%emt 0:00:07]} 32. Nd2 {[%emt 0:00:56]} Bxe5 {[%emt 0:02:56]} 33. dxe5 Nxc5 {[%emt 0:02:53]} 34. Bd4 {[%emt 0:02:10]} Ne4 {[%emt 0:01:12]} 35. Rec1 {[%emt 0:01:27]} Bf7 {[%emt 0:04:44]} 36. Bb6 {[%emt 0:00:59]} Re8 {[%emt 0:01:11]} 37. Nxe4 {[%emt 0:01:03]} dxe4 {[%emt 0:00:13]} 38. Bc7 {[%emt 0:00:36]} Bxb3 {[%emt 0:01:16]} 39. Rb2 {[%emt 0:00:13]} Bxa4 {[%emt 0:00:33]} 40. Rxb7 {[%emt 0:01:06]} Re7 {[%emt 0:00:37]} 41. Rb8 {[%emt 0:15:41]} Rxb8 {[%emt 0:15:43]} 42. Bxb8 {[%emt 0:00:00]} Rb7 {[%emt 0:00:00]} 43. Bd6 {[%emt 0:00:00]} Bb5 {[%emt 0:00:00]} 44. e6 {[%emt 0:00:00]} Ra7 {[%emt 0:00:00]} 45. e7 {[%emt 0:00:00]} Ra8 {[%emt 0:00:00]} 46. Rd1 {[%emt 0:00:00]} Re8 {[%emt 0:00:00]} 47. Bc5 {[%emt 0:00:00]} Kg7 {[%emt 0:00:00]} 48. Kf2 {[%emt 0:00:00]} Kf7 {[%emt 0:00:00]} 49. Rd8 {[%emt 0:00:00]} Rxe7 {[%emt 0:00:00]} 50. Bxe7 {[%emt 0:00:00]} Kxe7 {[%emt 0:00:00]} 51. Rd2 {[%emt 0:00:00]} Ke6 {[%emt 0:00:00]} 52. Ke3 {[%emt 0:00:00]} Ke5 {[%emt 0:00:00]} 53. Rd1 {[%emt 0:00:00]} a4 {[%emt 0:00:00]} 54. Rd2 {[%emt 0:00:00]} c5 {[%emt 0:00:00]} 55. Rd8 {[%emt 0:00:00]} Bc6 {[%emt 0:00:00]} 56. Kd2 {[%emt 0:00:00]} Bd5 {[%emt 0:00:45]} 57. Kc3 {[%emt 0:00:00]} a3 {[%emt 0:00:16]} 58. Re8+ {[%emt 0:00:00]} Be6 {[%emt 0:01:47]} 59. Ra8 {[%emt 0:01:24]} a2 {[%emt 0:00:05]} 60. Ra5 {[%emt 0:00:29]} Bd5 {[%emt 0:00:33]} 61. Ra7 {[%emt 0:00:34]} f4 {[%emt 0:01:08]} 62. gxf4+ {[%emt 0:01:06]} Kxf4 {[%emt 0:00:05]} 63. Ra6 {[%emt 0:00:32]} Kf3 {normal} 0-1

[Event "GER-ch Youth U12 2019"]
[Site "Willingen"]
[Date "2019.06.13"]
[Round "7.4"]
[White "Fuchs, Florian"]
[Black "Kempe, Caius Emilian"]
[Result "1/2-1/2"]
[WhiteElo "2235"]
[BlackElo "1766"]
[Annotator "NA"]
[PlyCount "48"]
[EventDate "2019.06.07"]
[EventType "swiss"]
[EventRounds "9"]
[EventCountry "GER"]
[SourceTitle "playchess.com"]
[Source "ChessBase"]
[SourceQuality "1"]
[TimeControl "40/4500+30:900+30"]

1. e4 {[%emt 0:00:00]} c5 {[%emt 0:00:00]} 2. Nf3 {[%emt 0:00:00]} Nc6 {[%emt 0:00:00]} 3. d4 {[%emt 0:00:00]} cxd4 {[%emt 0:00:00]} 4. Nxd4 {[%emt 0:00:00]} g6 {[%emt 0:00:00]} 5. c4 {[%emt 0:00:00]} Bg7 {[%emt 0:00:00]} 6. Be3 {[%emt 0:00:00]} Nf6 {[%emt 0:00:00]} 7. Nc3 {[%emt 0:00:00]} d6 {[%emt 0:00:00]} 8. Be2 {[%emt 0:00:00]} O-O {[%emt 0:00:00]} 9. O-O {[%emt 0:00:00]} Bd7 {[%emt 0:00:00]} 10. Qd2 {[%emt 0:00:00]} Nxd4 {[%emt 0:00:00]} 11. Bxd4 {[%emt 0:00:00]} Bc6 {[%emt 0:00:00]} 12. f3 {[%emt 0:00:00]} Nd7 {[%emt 0:00:00]} 13. Rfd1 {[%emt 0:05:39]} a5 {[%emt 0:00:00]} 14. Rac1 {[%emt 0:05:46]} Bxd4+ {[%emt 0:00:00]} 15. Qxd4 {[%emt 0:00:06]} Qb6 {[%emt 0:00:00]} 16. Nd5 {[%emt 0:02:11]} Qxd4+ {[%emt 0:00:00]} 17. Rxd4 {[%emt 0:00:10]} Bxd5 {[%emt 0:00:00]} 18. cxd5 {[%emt 0:00:24]} Rfc8 {[%emt 0:00:00]} 19. Rdc4 {[%emt 0:02:11]} Nc5 {[%emt 0:00:00]} 20. a4 {[%emt 0:17:22]} Kg7 {[%emt 0:01:46]} 21. Kf2 {[%emt 0:00:46]} h5 {[%emt 0:01:49]} 22. R4c3 {[%emt 0:01:33]} Rh8 {[%emt 0:01:24]} 23. Bb5 {[%emt 0:01:02]} Kf6 {[%emt 0:01:32]} 24. Ke3 {[%emt 0:04:55] normal} h4 {[%emt 0:05:07] normal} 1/2-1/2

[Event "GER-ch Youth U12 2019"]
[Site "Willingen"]
[Date "2019.06.13"]
[Round "7.5"]
[White "Sosa Costa, Leonardo"]
[Black "Deuer, Marius"]
[Result "1-0"]
[WhiteElo "1945"]
[BlackElo "1961"]
[Annotator "NA RC"]
[PlyCount "135"]
[EventDate "2019.06.07"]
[EventType "swiss"]
[EventRounds "9"]
[EventCountry "GER"]
[SourceTitle "playchess.com"]
[Source "ChessBase"]
[SourceQuality "1"]
[TimeControl "40/4500+30:900+30"]

1. e4 {[%emt 0:00:00]} e5 {[%emt 0:00:00]} 2. Nf3 {[%emt 0:00:00]} Nc6 {[%emt 0:00:00]} 3. d4 {[%emt 0:00:00]} exd4 {[%emt 0:00:00]} 4. Nxd4 {[%emt 0:00:00]} Nf6 {[%emt 0:00:00]} 5. Nc3 {[%emt 0:00:00]} Bb4 {[%emt 0:00:00]} 6. Nxc6 {[%emt 0:00:00]} bxc6 {[%emt 0:00:00]} 7. Bd3 {[%emt 0:00:00]} d5 {[%emt 0:00:00]} 8. exd5 {[%emt 0:00:00]} O-O {[%emt 0:00:00]} 9. O-O {[%emt 0:00:00]} cxd5 {[%emt 0:00:00]} 10. h3 {[%emt 0:00:00]} c6 {[%emt 0:00:00]} 11. Qf3 {[%emt 0:00:00]} Bd6 {[%emt 0:00:00]} 12. Re1 {[%emt 0:00:00]} Rb8 {[%emt 0:00:00]} 13. Rb1 {[%emt 0:11:31]} Be6 {[%emt 0:08:51]} 14. Bg5 {[%emt 0:10:18]} h6 {[%emt 0:04:57]} 15. Bh4 {[%emt 0:15:31]} Rb4 {[%emt 0:04:53]} 16. Bg3 {[%emt 0:01:39]} Qb8 {[%emt 0:07:03]} 17. Bxd6 {[%emt 0:02:53]} Qxd6 {[%emt 0:00:08]} 18. b3 {[%emt 0:05:51]} Nd7 {[%emt 0:12:22]} 19. Rbd1 {[%emt 0:05:09]} Nc5 {[%emt 0:05:53]} 20. Ne2 {[%emt 0:03:18]} Nxd3 {[%emt 0:08:09]} 21. Qxd3 {[%emt 0:01:12]} c5 {[%emt 0:01:56]} 22. c4 {[%emt 0:03:26]} Rd8 {[%emt 0:08:09]} 23. Qg3 {[%emt 0:05:34]} Qxg3 {[%emt 0:04:30]} 24. fxg3 {[%emt 0:00:04]} g5 {[%emt 0:02:52]} 25. Nc3 {[%emt 0:01:39]} d4 {[%emt 0:02:10]} 26. Re5 {[%emt 0:00:23]} Kg7 {[%emt 0:03:17]} 27. Ne4 {[%emt 0:02:26]} Rb6 {[%emt 0:01:47]} 28. Nxc5 {[%emt 0:01:23]} Kf6 {[%emt 0:01:10]} 29. Re4 {[%emt 0:01:50]} d3 {[%emt 0:05:12]} 30. Nxe6 {[%emt 0:07:51]} fxe6 {[%emt 0:01:00]} 31. Kf2 {[%emt 0:00:19]} Ra6 {[%emt 0:01:09]} 32. Rd2 {[%emt 0:00:15]} e5 {[%emt 0:01:49]} 33. Re1 {[%emt 0:02:43]} Re6 {[%emt 0:01:02]} 34. Re4 {[%emt 0:01:04]} Kf5 {[%emt 0:01:01]} 35. Ke3 {[%emt 0:00:18]} Red6 {[%emt 0:01:04]} 36. g4+ {[%emt 0:00:30]} Ke6 {[%emt 0:00:09]} 37. c5 {[%emt 0:02:41]} Rd5 {[%emt 0:01:53]} 38. b4 {[%emt 0:01:13]} Rd4 {[%emt 0:00:44]} 39. Rxd4 {[%emt 0:02:01]} Rxd4 {[%emt 0:00:32]} 40. a3 {[%emt 0:00:17]} a5 {[%emt 0:00:39]} 41. Rxd3 {[%emt 0:00:00]} axb4 {[%emt 0:00:00]} 42. axb4 {[%emt 0:00:00]} Rxb4 {[%emt 0:00:00]} 43. Rd6+ {[%emt 0:00:00]} Kf7 {[%emt 0:00:00]} 44. Rxh6 {[%emt 0:00:00]} Rd4 {[%emt 0:00:20]} 45. c6 {[%emt 0:00:00]} Rc4 {[%emt 0:01:14]} 46. Kd3 {[%emt 0:00:00]} Rd4+ {[%emt 0:01:10]} 47. Ke3 {[%emt 0:00:00]} Rc4 {[%emt 0:00:30]} 48. Rd6 {[%emt 0:00:00]} Rc2 {[%emt 0:04:47]} 49. Kd3 Rc1 {[%emt 0:03:40]} 50. Ke4 {[%emt 0:05:15]} Re1+ {[%emt 0:00:39]} 51. Kf5 {[%emt 0:01:07]} Ke7 {[%emt 0:01:59]} 52. Re6+ {[%emt 0:02:07]} Kf7 {[%emt 0:01:06]} 53. Rxe5 {[%emt 0:00:29]} Rc1 {[%emt 0:00:05]} 54. Kxg5 {[%emt 0:00:04]} Rxc6 {[%emt 0:00:28]} 55. g3 {[%emt 0:00:36]} Rc7 {[%emt 0:00:37]} 56. Ra5 {[%emt 0:00:19]} Kg7 {[%emt 0:00:20]} 57. Re5 {[%emt 0:00:58]} Rd7 {[%emt 0:00:19]} 58. Kf4 {[%emt 0:00:14]} Rd4+ {[%emt 0:00:24]} 59. Re4 {[%emt 0:00:07]} Rd7 {[%emt 0:00:07]} 60. g5 {[%emt 0:00:16]} Kh7 {[%emt 0:00:59]} 61. Kg4 {[%emt 0:00:14]} Kg7 {[%emt 0:00:15]} 62. Ra4 {[%emt 0:00:07]} Rb7 {[%emt 0:00:48]} 63. h4 {[%emt 0:00:17]} Rc7 {[%emt 0:00:14]} 64. Kh5 {[%emt 0:01:12]} Kh7 {[%emt 0:01:05]} 65. Ra6 {[%emt 0:00:09]} Kg7 {[%emt 0:00:18]} 66. g4 {[%emt 0:00:27]} Rc8 {[%emt 0:01:35]} 67. Ra7+ {[%emt 0:00:09]} Kg8 {[%emt 0:00:07]} 68. Kh6 {[%emt 0:00:49] normal} 1-0

[Event "GER-ch Youth U12 2019"]
[Site "Willingen"]
[Date "2019.06.13"]
[Round "7.6"]
[White "Ohler, Julius"]
[Black "Hagner, Bennet"]
[Result "1-0"]
[WhiteElo "1837"]
[BlackElo "1900"]
[Annotator "NA"]
[PlyCount "78"]
[EventDate "2019.06.07"]
[EventType "swiss"]
[EventRounds "9"]
[EventCountry "GER"]
[SourceTitle "playchess.com"]
[Source "ChessBase"]
[SourceQuality "1"]
[TimeControl "40/4500+30:900+30"]

1. c4 {[%emt 0:00:00]} c6 {[%emt 0:00:00]} 2. d4 {[%emt 0:00:00]} d5 {[%emt 0:00:00]} 3. cxd5 {[%emt 0:00:00]} cxd5 {[%emt 0:00:00]} 4. Nc3 {[%emt 0:00:00]} Nf6 {[%emt 0:00:00]} 5. Bf4 {[%emt 0:00:00]} Nc6 {[%emt 0:00:00]} 6. e3 {[%emt 0:00:00]} a6 {[%emt 0:00:00]} 7. Nf3 {[%emt 0:00:00]} Bg4 {[%emt 0:00:00]} 8. h3 {[%emt 0:00:00]} Bf5 {[%emt 0:00:00]} 9. Qb3 {[%emt 0:00:00]} Na5 {[%emt 0:00:00]} 10. Qa4+ {[%emt 0:00:00]} Bd7 {[%emt 0:00:00]} 11. Qc2 {[%emt 0:00:00]} e6 {[%emt 0:00:00]} 12. Bd3 {[%emt 0:00:00]} Rc8 {[%emt 0:00:00]} 13. O-O {[%emt 0:00:00]} Be7 {[%emt 0:00:00]} 14. Rfc1 {[%emt 0:00:00]} O-O {[%emt 0:01:29]} 15. Ne5 {[%emt 0:04:52]} b5 {[%emt 0:05:44]} 16. Qd2 {[%emt 0:04:00]} Nc4 {[%emt 0:06:03]} 17. Bxc4 {[%emt 0:01:27]} bxc4 {[%emt 0:00:58]} 18. b3 {[%emt 0:09:34]} Bb4 {[%emt 0:05:02]} 19. f3 {[%emt 0:11:12]} cxb3 {[%emt 0:05:00]} 20. axb3 {[%emt 0:01:04]} Bb5 {[%emt 0:05:06]} 21. Nd3 {[%emt 0:03:00]} Bxd3 {[%emt 0:02:02]} 22. Qxd3 {[%emt 0:00:27]} Bxc3 {[%emt 0:01:25]} 23. Rxc3 {[%emt 0:00:13]} Rxc3 {[%emt 0:00:57]} 24. Qxc3 {[%emt 0:00:08]} Qb6 {[%emt 0:00:51]} 25. Kf2 {[%emt 0:05:30]} h6 {[%emt 0:01:37]} 26. b4 {[%emt 0:03:50]} Nd7 {[%emt 0:03:46]} 27. Bc7 {[%emt 0:01:29]} Qb7 {[%emt 0:09:50]} 28. Bd6 {[%emt 0:00:43]} Rc8 {[%emt 0:00:47]} 29. Bc5 {[%emt 0:00:10]} Qb5 {[%emt 0:04:22]} 30. Ra5 {[%emt 0:00:35]} Qb7 {[%emt 0:01:08]} 31. Qa3 {[%emt 0:03:11]} Nxc5 {[%emt 0:10:48]} 32. bxc5 {[%emt 0:04:44]} Rc6 {[%emt 0:00:23]} 33. Ra4 {[%emt 0:02:14]} g6 {[%emt 0:05:14]} 34. Qb4 {[%emt 0:00:31]} Qc7 {[%emt 0:01:22]} 35. Qa5 {[%emt 0:00:49]} Qxa5 {[%emt 0:01:16]} 36. Rxa5 {[%emt 0:00:06]} e5 {[%emt 0:02:32]} 37. dxe5 {[%emt 0:00:58]} f6 {[%emt 0:01:32]} 38. exf6 {[%emt 0:00:23]} Kf7 {[%emt 0:00:08]} 39. Ke2 {[%emt 0:01:10]} Kxf6 {[%emt 0:00:17] normal} 1-0

[Event "GER-ch Youth U12 2019"]
[Site "Willingen"]
[Date "2019.06.13"]
[Round "7.7"]
[White "Woltmann, Peter"]
[Black "Stork, Christopher"]
[Result "0-1"]
[WhiteElo "1471"]
[BlackElo "1817"]
[Annotator "NA"]
[PlyCount "62"]
[EventDate "2019.06.07"]
[EventType "swiss"]
[EventRounds "9"]
[EventCountry "GER"]
[SourceTitle "playchess.com"]
[Source "ChessBase"]
[SourceQuality "1"]
[TimeControl "40/4500+30:900+30"]

1. e4 {[%emt 0:00:00]} c5 {[%emt 0:00:00]} 2. Nc3 {[%emt 0:00:00]} e6 {[%emt 0:00:00]} 3. Nge2 {[%emt 0:00:00]} Nc6 {[%emt 0:00:00]} 4. g3 {[%emt 0:00:00]} a6 {[%emt 0:00:00]} 5. a4 {[%emt 0:00:00]} Nge7 {[%emt 0:00:00]} 6. Bg2 {[%emt 0:00:00]} d6 {[%emt 0:00:00]} 7. O-O {[%emt 0:00:00]} g6 {[%emt 0:06:31]} 8. d4 {[%emt 0:00:00]} cxd4 {[%emt 0:00:23]} 9. Nxd4 {[%emt 0:00:00]} Bg7 {[%emt 0:00:08]} 10. Be3 {[%emt 0:00:00]} O-O {[%emt 0:03:22]} 11. h4 {[%emt 0:00:00]} e5 {[%emt 0:08:01]} 12. Nb3 {[%emt 0:00:00]} f5 {[%emt 0:01:16]} 13. f4 {[%emt 0:02:37]} Be6 {[%emt 0:02:06]} 14. Nd5 {[%emt 0:03:52]} exf4 {[%emt 0:10:06]} 15. Bb6 {[%emt 0:02:38]} Qd7 {[%emt 0:02:24]} 16. Nxf4 {[%emt 0:03:11]} Bxb3 {[%emt 0:01:46]} 17. cxb3 {[%emt 0:00:20]} Bxb2 {[%emt 0:00:25]} 18. Ra2 {[%emt 0:00:56]} Be5 {[%emt 0:00:47]} 19. Nd5 {[%emt 0:07:35]} Bxg3 {[%emt 0:04:02]} 20. exf5 {[%emt 0:07:30]} Nxf5 {[%emt 0:01:09]} 21. h5 {[%emt 0:02:11]} Ne5 {[%emt 0:01:17]} 22. Nc7 {[%emt 0:04:11]} Rac8 {[%emt 0:02:30]} 23. Bd5+ {[%emt 0:00:23]} Kh8 {[%emt 0:00:22]} 24. Be6 {[%emt 0:00:35]} Qc6 {[%emt 0:00:38]} 25. Nd5 {[%emt 0:00:50]} Rb8 {[%emt 0:05:11]} 26. hxg6 {[%emt 0:02:34]} hxg6 {[%emt 0:05:03]} 27. Rg2 {[%emt 0:01:04]} Ng7 {[%emt 0:02:34]} 28. Rxg3 {[%emt 0:04:07]} Nxe6 {[%emt 0:00:32]} 29. Qd2 {[%emt 0:01:36]} Rxf1+ {[%emt 0:00:47] normal} 30. Kxf1 {[%emt 0:00:26]} Rf8+ {[%emt 0:00:16]} 31. Ke2 {[%emt 0:00:33] normal} Qxd5 {[%emt 0:01:22] normal} 0-1